00326pab a2200133 454500008004000000100002700040245004600067260000900113300001100122362001000133650002100143650001300164773001500177180718b2017 xxu||||| |||| 00| 0 eng d aSingh, Bhartendu Kumar aLessons from the Chinese aircraft carrier c2017 ap.8-9. a3 Jun aAircraft - China aAircraft aMainstream